000 00488nam a2200169Ia 4500
999 _c12060
_d12060
003 OSt
005 20201001132722.0
008 190216s9999||||xx |||||||||||||| ||und||
040 _coclc
082 _a891.7344
_bSOL/E
100 _aSolouyou, Leonid
_94942
245 4 _aThe Enchanted Prince /
_cLeonid Solouyou
260 _bForeign Languages Pub,
_aRussian:
_c1957.
300 _a448p
650 _aSpeeches
942 _cBK
_2ddc
_h891.7344
_iSOL/E
_k891.7344
_mSOL/E